| 000 | 00618nam a2200181Ia 4500 | ||
|---|---|---|---|
| 003 | GCL | ||
| 008 | 140319s9999 xx 000 0 ara d | ||
| 040 |
_aGCL / _cGCL |
||
| 082 | 0 | 4 |
_a811.082 _bا ع |
| 100 | 1 | _aاحمد عبدالله احمد | |
| 245 | 1 | 0 |
_aعلى احمد باكثير : _bحياته شعره الوطنى والاسلامى / _cاحمد عبدالله احمد |
| 260 |
_aالرياض : _bدار البلاد ، _c1982 |
||
| 300 |
_a372 ص ؛ _c20 سم |
||
| 650 | 0 | 4 | _aالشعر العربى |
| 650 | 0 | 4 | _aالشعر السياسى |
| 650 | 0 | 4 | _aعلى احمد باكثير |
| 942 |
_2ddc _cBK |
||
| 999 |
_c6926 _d6926 |
||